แสดงรายละเอียดบรรณานุกรม
  กลับหน้าหลัก

Brief Record : Get Marc (ISO 2709) : E-mail record : QR code ปิดหน้าต่าง
E-books : เกี่ยวกับ Collections
LEADER 00000nama 2200000uu 4500
001    200429
003     ULIBM
008    040531s|||| th m m a000 0 tha d
020    978-974-11-1150-3
041    tha
050    H 62 บ795ค 2552.
100    เบญจา ยอดดำเนิน-แอ็ตติกจ์.
245    การวิเคราะห์ข้อมูลเชิงคุณภาพ : การจัดการข้อมูล การตีความ และการหาความหมาย/ เบญจา ยอดดำเนิน-แอ็ตติกจ์ ,กาญจนา ตั้งชลทิพย์.
260    นครปฐม. สถาบันวิจัยประชากรและสังคม มหาวิทยาลัยมหิดล. 2552.
300    181 หน้า.
600    1.กาญจนา ตั้งชลทิพย์. 2.มหาวิทยาลัยมหิดล สถาบันวิจัยประชากรและสังคม.
650    1.การวิเคราะห์ข้อมูลเชิงคุณภาพ 2.การวิจัยเชิงคุณภาพ.
995    001
รายการนี้ยังไม่มีแท็ก
คุณยังไม่ได้ล็อกอิน คุณสามารถมีกิจกรรมร่วมกับเว็บไซต์ได้ แต่ต้องล็อกอินก่อน ::
  ล็อกอิน
ลำดับที่ ประเภท เลขเรียก สถานที่ สถานะ
1. หนังสือทั่วไป
หนังสือทั่วไป
สถานะ=หนังสือเก่า - บริการ ณ ห้องสมุด (ห้องเหลือง)
H 62 บ795ค 2552.  
  
หนังสือทั่วไป On Shelf
  ขอยืม
2. หนังสือทั่วไป
หนังสือทั่วไป
สถานะ=หนังสือเก่า - บริการ ณ ห้องสมุด (ห้องเหลือง)
H 62 บ795ค 2552. ฉ.2 
  
หนังสือทั่วไป On Shelf
  ขอยืม
Note:ได้รับบริจาคจากอาจารย์
3. หนังสือทั่วไป
หนังสือทั่วไป
สถานะ=หนังสือเก่า - บริการ ณ ห้องสมุด (ห้องเหลือง)
H 62 บ795ค 2552. ฉ.3 
  
หนังสือทั่วไป On Shelf
  ขอยืม
Note:ได้รับบริจาคจากอาจารย์
4. หนังสือทั่วไป
หนังสือทั่วไป
สถานะ=หนังสือเก่า - บริการ ณ ห้องสมุด (ห้องเหลือง)
H 62 บ795ค 2552. ฉ.4 
  
หนังสือทั่วไป On Shelf
  ขอยืม
Note:ได้รับบริจาคจากอาจารย์
5. หนังสือทั่วไป
หนังสือทั่วไป
สถานะ=หนังสือเก่า - บริการ ณ ห้องสมุด (ห้องเหลือง)
H 62 บ795ค 2552. ฉ.5 
  
หนังสือทั่วไป On Shelf
  ขอยืม
Note:ได้รับบริจาคจากอาจารย์
6. หนังสือทั่วไป
หนังสือทั่วไป
สถานะ=หนังสือเก่า - บริการ ณ ห้องสมุด (ห้องเหลือง)
H 62 บ795ค 2552. ฉ.6 
  
หนังสือทั่วไป On Shelf
  ขอยืม
Note:ได้รับบริจาคจากอาจารย์
   [แสดง 6/6 รายการ]

BibComment


ยังไม่เคยถูกคอมเมนท์

คอมเมนท์ทรัพยากรรายการนี้
  คอมเมนท์: การวิเคราะห์ข้อมู..
Bib 200429

 
 
 

 Union Library Management : ULibM
Copyright 2026. All Rights Reserved.
скачать бесплатно без регистрации порно красивый секс HD Sex Hindi sex

xxx gou

xxxx

bfxxx

xxxwww

Секса Видео

xxxx

Секса Видео

detube

geilexxx

C99 Shell

worms shell

blod xxx video
Ebony Coed Rihanna Rimes Takes A Dick In Her Young Twat priyaa indian fuck anal and pusssy hardcore indian women xxx desi hardcore fucking part 1 bengalixxxcouple